000 00741nam a2200229 a 4500
999 _c3172
_d3172
001 3172
003 BD-JhCC
005 20171112102059.0
008 171111s1985 bg |||| ||a| 000 0 ben d
035 _a(BD-JhCC)3172
040 _aBD-JhCC
_dBD-JhCC
041 _aben
082 _a070
_bDHA 1985
100 _aধর, সুব্রত শংকর
245 _aবাংলাদেশের সংবাদ /
_cসুব্রত শংকর ধর,
260 _aঢাকা :
_bবাংলা একাডেমী,
_c1985
300 _a114 p. :
_c18 cm.
490 _aSeries in honour of the Martyrs of the Language Movement of February 1952.
650 _aNewspaper of The Bangladesh
942 _2ddc
_cBK